|
|
|
|
| LEADER |
00764nab a2200217 i 4500 |
| 001 |
acta4023 |
| 005 |
20250902081649.0 |
| 008 |
161015s2007 hu o 000 eng d |
| 022 |
|
|
|a 0567-7246
|
| 040 |
|
|
|a SZTE Egyetemi Kiadványok Repozitórium
|b hun
|
| 041 |
|
|
|a eng
|
| 100 |
1 |
|
|a Kopeczky Rita
|
| 245 |
1 |
0 |
|a Cicero and the roman tradition of translation
|h [elektronikus dokumentum] /
|c Kopeczky Rita
|
| 260 |
|
|
|c 2007
|
| 300 |
|
|
|a 51-58
|
| 490 |
0 |
|
|a Acta Universitatis Szegediensis : acta antiqua et archaeologica
|v 30
|
| 650 |
|
4 |
|a Bölcsészettudományok
|
| 650 |
|
4 |
|a Nyelvek és irodalom
|
| 695 |
|
|
|a Latin irodalom története - ókor
|
| 700 |
0 |
1 |
|a Cicero Marcus Tullius
|
| 856 |
4 |
0 |
|u http://acta.bibl.u-szeged.hu/4023/1/antiqua_030_051-058.pdf
|z Dokumentum-elérés
|